Libre Comercio: un caballo de troya

Cada vez está más claro que el llamado Tratado de Libre Comercio (TLC) no tiene para Estados Unidos el rango de tratado sino de Acuerdo internacional, ni tampoco su objetivo es el "libre comercio". El autor opina que es "un acuerdo para facilitar las inversiones y las ganancias de las...

Descrizione completa

Salvato in:
Dettagli Bibliografici
Autore principale: Antillón, Walter
Natura: testo
Pubblicazione: San José: Alma Mater
Soggetti:
Tags: Aggiungi Tag
Nessun Tag, puoi essere il primo ad aggiungerne!!

MARC

LEADER 00000 a a2200000 04500
001 34805
003
040
020 |a 9968-9514  
090 |a 0001 A629e  
100 |a Antillón, Walter  
245 |a Libre Comercio: un caballo de troya  
260 |a San José:   |b Alma Mater  
300 |a 60 p.  
520 |a Cada vez está más claro que el llamado Tratado de Libre Comercio (TLC) no tiene para Estados Unidos el rango de tratado sino de Acuerdo internacional, ni tampoco su objetivo es el "libre comercio". El autor opina que es "un acuerdo para facilitar las inversiones y las ganancias de las transnacionales en Centroamérica y República Dominicana"  
650 |a TLC  
650 |a AMERICA CENTRAL  
999 |c 6112  |d 6112